00572 2200229 4500001002100000005001700021008004100038020001800079035002400097040001200121082000800133090001500141100001800156245003500174250001000209260003100219300002500250500002700275650001300302850001200315990001500327YOGYA-0209000006057020090227035816.0 ind  a979-413-329-9 0010-020900000060570 aYOPDYOG a710 a701bHar M aHARTOKO, Dick aManusia dan senicDick Hartoko aCEt.7 aYogyakartabKanisiusc1993 a107 hlmbilusc21 cm aBibliografi : hlm. 107 aEstetika aYOPDYOG a95P0058929